00671nam a2200205Ia 4500003000900000008004100009020001800050040001600068080002100084245005600105260003300161300001400194650001800208650004100226650002200267700002900289942000700318999001500325952012500340IN-BaIIA211028s9999 xx 000 0 eng d a0-08-015870-6 cIIA Library a047.1:52bVIA-14 0aVistas in astronomybvol. 14cedited by Arthur Beer aOxfordbPergamon Pressc1972 avii,304p. aAstronomy980 aAstronomy and Astrophysics Thesaurus aAstrophysics9794 aBeer, Arthur., ed.93137 cBK c4351d4351 00104070aBANbBANcGENd1974-02-02g190.00l0o047.1:52/ VIA-14p4857r2021-11-05v190.00w1974-02-02yBKGRs. 190.00